Lizards in the lunch line / (Record no. 1199)

MARC details
000 -LEADER
fixed length control field 01089cam a22003013a 4500
005 - DATE AND TIME OF LATEST TRANSACTION
control field 20250826105236.0
020 ## - INTERNATIONAL STANDARD BOOK NUMBER
International Standard Book Number 0439631610 (pbk.) :
Terms of availability $3.99
040 ## - CATALOGING SOURCE
Original cataloging agency IMF
Transcribing agency IMF
Modifying agency DLC
Language of cataloging eng
050 00 - LIBRARY OF CONGRESS CALL NUMBER
Classification number CPB Box no. 2266 vol. 8
100 1# - MAIN ENTRY--PERSONAL NAME
Personal name Dadey, Debbie.
245 10 - TITLE STATEMENT
Title Lizards in the lunch line /
Statement of responsibility, etc. by Debbie Dadey ; illustrations by Margeaux Lucas.
246 1# - VARYING FORM OF TITLE
Display text At head of title:
Title proper/short title Swamp monster in third grade
260 ## - PUBLICATION, DISTRIBUTION, ETC.
Place of publication, distribution, etc. New York :
Name of publisher, distributor, etc. Scholastic, Inc.,
Date of publication, distribution, etc. 2004.
300 ## - PHYSICAL DESCRIPTION
Extent 79 pages. :
Other physical details illustrations. ;
Dimensions 20 cm.
490 0# - SERIES STATEMENT
Series statement Swamp monster in third grade
500 ## - GENERAL NOTE
General note "A Little Apple paperback".
505 ## - FORMATTED CONTENTS NOTE
Formatted contents note P <br/>
520 ## - SUMMARY, ETC.
Summary, etc. "Jake has a secret. He can turn from a swamp monster into a kid. But he's not going to brag about it...well, maybe just a little..."--P. [4] of cover.
521 ## - TARGET AUDIENCE NOTE
Target audience note 650 <br/>
Source Lexile <br/>
521 ## - TARGET AUDIENCE NOTE
Target audience note P <br/>
Source Raz-Plus <br/>
650 #0 - SUBJECT ADDED ENTRY--TOPICAL TERM
Topical term or geographic name entry element Lizards
Form subdivision Fiction.
650 #0 - SUBJECT ADDED ENTRY--TOPICAL TERM
Topical term or geographic name entry element Schools
Form subdivision Fiction.
655 #7 - INDEX TERM--GENRE/FORM
Genre/form data or focus term Children's stories.
Source of term lcsh
700 1# - ADDED ENTRY--PERSONAL NAME
Personal name Lucas, Margeaux.
906 ## - LOCAL DATA ELEMENT F, LDF (RLIN)
a 7
b cbc
c copycat
d 2
e ncip
f 20
g y-genrareb
942 ## - ADDED ENTRY ELEMENTS (KOHA)
Source of classification or shelving scheme Dewey Decimal Classification
Koha item type Books
Suppress in OPAC No
999 ## -
-- 1199
-- 1199
Holdings
Withdrawn status Lost status Source of classification or shelving scheme Damaged status Not for loan Collection Home library Current library Shelving location Date acquired Total Checkouts Full call number Barcode Date last seen Copy number Price effective from Koha item type
    Dewey Decimal Classification     Juvenile Fiction Footprints International School Library Network Toul Tom Poung Campus Footprints International School Library Network Toul Tom Poung Campus TTP Primary Yellow Bookshelves 08/08/2023   DAD Fic 303 FIS00581 08/08/2023 1 08/08/2023 Books